Türk tarihi ve hukuk (Record no. 10765)

MARC details
000 -BAŞLIK
Sabit Uzunlukta Kontrol Alanı 01322na a2200325 4500
001 - KONTROL NUMARASI
Denetim Alanı 24248
003 - KONTROL NUMARASI IDENTIFIER
Denetim Alanı MIRAKIL
005 - SON İŞLEM TARİHİ VE ZAMANI
Denetim Alanı 20181213155332.0
008 - SABİT-BOY VERİ ELEMANLARI - GENEL BİLGİLER
Sabit Uzunlukta Kontrol Alanı 180831b tu 000 0
020 ## - ULUSLARARASI STANDART KİTAP NUMARASI
Uluslararası Standart Kitap Numarası 9789751627216
040 ## - KATALOGLAMA KAYNAK
Orijinal Kataloglama Ajansı Milas
Kataloglama Dili tur
Metne Dönüştürmek Ajansı TR-AnCHP
041 ## - DİL KODU
Metin / Ses Parça Veya Ayrı Başlığın Dil Kodu tur
082 ## - DEWEY ONLU SINIFLANDIRMA NUMARASI
Sınıflandırma Numarası 340.09561
Ürün Numarası A67t 2014
090 ## - SINIFLAMA NUMARASI
Sınıflama Numarası 340.09561 A67t 2014
100 ## - ANA GİRİŞ - KİŞİSEL İSİM
Kişisel Ad Arsal, Sadri Maksudi
245 ## - BAŞLIK TABLOSU
Başlık Türk tarihi ve hukuk
Başlığın Kalan Türk tarihinin ana hatları
-- Tarihi Türk devletlerinin kuruluşu ve hukuku müesseseleri, Türklerin örfleri, türe ve yasaları
Sorumluluk Tablosu, Vb Sadri Maksudi Arsal
246 ## - UNVAN FORM VARYING
Başlık Doğru / Kısa Başlığı Tarihi Türk devletlerinin kuruluşu ve hukuku müesseseleri, Türklerin örfleri, türe ve yasaları
246 ## - UNVAN FORM VARYING
Başlık Doğru / Kısa Başlığı Türk tarihinin ana hatları
260 ## - YAYIN, DAĞITIM, VB
Yayın, Dağıtım, Vb Yeri Ankara
Yayıncı, Dağıtıcı, Vs Adı Türk Tarih Kurumu
Yayın, Dağıtım, Vb Tarihi 2014
300 ## - FİZİKSEL TANIM
Kapsam XII, 404 s.
Boyutlar 24 sm.
440 ## - SERİSİ TABLOSU / KATMA GİRİŞİ - BAŞLIK
Başlık AKDTYK Türk Tarih Kurumu yayınları
Hacim / Ardışık Tanımı IV/A-2-1.71 dizi-sayı 1
504 ## - KAYNAKÇA VB NOT
Kaynakça Vb Notu Kaynakça ve dizin var.
650 ## - KONU KATMA GİRİŞ - TOPİKAL DÖNEM
Topikal Süreli Veya Coğrafi Ad Giriş Elemanı Hukuk
Genel Alt Bölümü Türkler
-- Tarih
650 ## - KONU KATMA GİRİŞ - TOPİKAL DÖNEM
Topikal Süreli Veya Coğrafi Ad Giriş Elemanı Türkler
Genel Alt Bölümü Tarih
-- Yönetim ve politikalar
650 ## - KONU KATMA GİRİŞ - TOPİKAL DÖNEM
Topikal Süreli Veya Coğrafi Ad Giriş Elemanı Türkler
Genel Alt Bölümü Tarih
-- Sosyal yaşam ve gelenekler
650 ## - KONU KATMA GİRİŞ - TOPİKAL DÖNEM
Topikal Süreli Veya Coğrafi Ad Giriş Elemanı Türkler
Genel Alt Bölümü Tarih
-- kaynaklar
740 ## - KATMA GİRİŞ - KONTROLSUZ İLGİLİ / ANALİTİK BAŞLIK
Kontrol Edilmeyen / İlgili Analitik Başlıktaki Tarihi Türk devletlerinin kuruluşu ve hukuku müesseseleri, Türklerin örfleri, türe ve yasaları
740 ## - KATMA GİRİŞ - KONTROLSUZ İLGİLİ / ANALİTİK BAŞLIK
Kontrol Edilmeyen / İlgili Analitik Başlıktaki Türk tarihinin ana hatları
942 ## - EKLENDİ GİRİŞ ELEMANLARI (KOHA)
Sınıflandırma Veya Raf Düzeni Kaynak Dewey Decimal Classification
Koha Öğesi Türü Books
999 ## - SİSTEM KONTROL NUMARALARI (KOHA)
Koha Biblionumber 10765
Koha Biblioitemnumber 10765
Holdings
Kalıcı Konum Mevcut Konum Edinme Tarihi Edinim Kaynak Toplam Check-Out'Lar Tam Çağrı Numarası Barkod Tarih Son Görülme İtibaren Geçerli Fiyatlar Koha Öğesi Türü
CHP Kütüphanesi CHP Kütüphanesi 08/31/2018 Bağış   340.09561 A67t 2014 018340 08/31/2018 08/31/2018 Books